000 00293nam a2200133Ia 4500
003 OSt
005 20240106141626.0
008 170523s9999 xx 000 0 und d
020 _a9788131203750
040 _cIIMTU
100 _aTalley-N.J
245 0 _aClinical Examination
942 _2ddc
_c02
999 _c10683
_d10683